Southville International School and Colleges
Your cart is empty.
  • Cart
  • Lists
    Public lists Eva Luna New books Lux_list list_1
    Your lists Log in to create your own lists
  • Log in to your account
  • Your cookies
  • Search history
Southville International School and Colleges
  • Advanced search
  • Recent comments
  • Most popular
  • Libraries

Log in to your account

Log in with GOOGLE


If you do not have an external account, but do have a local account, you can still log in:

  1. Home
  2. MARC view: HBR guide to delivering effective feedback /
Normal view MARC view ISBD view

HBR guide to delivering effective feedback / (Record no. 363203)

[ view plain ]
MARC details
000 -LEADER
fixed length control field 00734nam a2200241Ia 4500
008 - FIXED-LENGTH DATA ELEMENTS--GENERAL INFORMATION
fixed length control field 200601s9999 xx 000 0 und d
020 ## - INTERNATIONAL STANDARD BOOK NUMBER
International Standard Book Number 978-1-63369-164-3
050 ## - LIBRARY OF CONGRESS CALL NUMBER
Classification number MAIN HF 5549.5
050 ## - LIBRARY OF CONGRESS CALL NUMBER
Item number .R58H37 2016
245 #0 - TITLE STATEMENT
Title HBR guide to delivering effective feedback /
245 #0 - TITLE STATEMENT
Statement of responsibility, etc Harvard Business Review Press.
260 ## - PUBLICATION, DISTRIBUTION, ETC. (IMPRINT)
Place of publication, distribution, etc Boston, Massachusetts :
260 ## - PUBLICATION, DISTRIBUTION, ETC. (IMPRINT)
Name of publisher, distributor, etc Harvard Business Review Press,
260 ## - PUBLICATION, DISTRIBUTION, ETC. (IMPRINT)
Date of publication, distribution, etc 2016
300 ## - PHYSICAL DESCRIPTION
Extent 203 pages :
300 ## - PHYSICAL DESCRIPTION
Dimensions 23 cm.
440 ## - SERIES STATEMENT/ADDED ENTRY--TITLE
Title Harvard business review guides
500 ## - GENERAL NOTE
General note Includes bibliographical references and index.
650 ## - SUBJECT ADDED ENTRY--TOPICAL TERM
Topical term or geographic name as entry element Employee retention.
650 ## - SUBJECT ADDED ENTRY--TOPICAL TERM
Topical term or geographic name as entry element Employees -- Rating of.
650 ## - SUBJECT ADDED ENTRY--TOPICAL TERM
General subdivision Feedback (Psychology).
650 ## - SUBJECT ADDED ENTRY--TOPICAL TERM
General subdivision Personnel management.
Holdings
Withdrawn status Lost status Damaged status Home library Current library Shelving location Date acquired Cost, normal purchase price Total Checkouts Full call number Barcode Date last seen Price effective from Koha item type
      South Mansfield College South Mansfield College   01/09/2020 799.20   MAIN HF 5549.5 .R58H37 2016 SMC06288 06/01/2020 06/01/2020 Books

HBR guide to delivering effective feedback /

APA

HBR guide to delivering effective feedback. Boston, Massachusetts: .

Chicago

HBR guide to delivering effective feedback. Boston, Massachusetts: .

Harvard

HBR guide to delivering effective feedback. Boston, Massachusetts: .

MLA

Boston, Massachusetts: . .

  • Place hold
  • Print
  • Cite
  • Add to your cart (remove)
  • Save record
    BIBTEX Dublin Core MARCXML MARC (non-Unicode/MARC-8) MARC (Unicode/UTF-8) MARC (Unicode/UTF-8, Standard) MODS (XML) RIS
  • More searches
    Search for this title in:
    Other Libraries (WorldCat) Other Databases (Google Scholar) Online Stores (Bookfinder.com) Open Library (openlibrary.org)

Exporting to Dublin Core...

SOUTHVILLE LIBRARY

Southville International School and Colleges Library

1281 Tropical Ave. Cor. Luxembourg St., BF Homes International, Las Pinas City

Tel. No. 8256374 / 252358 Loc. 117/146

Powered by Koha